Vector mechanics for engineers (Record no. 4856)

000 -LEADER
fixed length control field 00594nam a2200217 a 4500
001 - CONTROL NUMBER
control field 4856
003 - CONTROL NUMBER IDENTIFIER
control field BD-DhUET
008 - FIXED-LENGTH DATA ELEMENTS--GENERAL INFORMATION
fixed length control field 840307s1984 nyua 001 0 eng
020 ## - INTERNATIONAL STANDARD BOOK NUMBER
International Standard Book Number 0070044384
040 ## - CATALOGING SOURCE
Original cataloging agency DLC
Transcribing agency DLC
Modifying agency BD-DhUET
082 00 - DEWEY DECIMAL CLASSIFICATION NUMBER
Classification number 620.1
Item number BEE/1984
100 ## - MAIN ENTRY--PERSONAL NAME
Personal name Beer, Ferdinand P.
245 10 - TITLE STATEMENT
Title Vector mechanics for engineers
Remainder of title statics and dynamics
250 ## - EDITION STATEMENT
Edition statement 4th ed.
260 ## - PUBLICATION, DISTRIBUTION, ETC. (IMPRINT)
Place of publication, distribution, etc. New York
Name of publisher, distributor, etc. McGraw-Hill
Date of publication, distribution, etc. 1984
300 ## - PHYSICAL DESCRIPTION
Extent xxi, 926 p.
Other physical details ill.
Dimensions 24 cm.
504 ## - BIBLIOGRAPHY, ETC. NOTE
Bibliography, etc Includes bibliographies
650 #0 - SUBJECT ADDED ENTRY--TOPICAL TERM
Topical term or geographic name as entry element Engineering instruments
700 1# - ADDED ENTRY--PERSONAL NAME
Personal name Johnston, E. Russell
942 ## - ADDED ENTRY ELEMENTS (KOHA)
Koha item type General Book
Holdings
Koha issues (times borrowed) Koha normalized classification for sorting Source of classification or shelving scheme Koha item type Date acquired Location (home branch) Koha date last seen Copy number Sublocation or collection (holding branch) Piece designation (barcode) Damaged status Koha full call number Withdrawn status Shelving location Koha date last borrowed Not for loan Lost status Price effective from
 620_100000000000000_BEE_1984 General Book2014-11-23Central Library, BUET2015-12-081Central Library, BUET66051 620.1/BEE/1984 Circulation section   2014-11-23
2620_000000000000000_1BEE1984 General Book2014-11-24Central Library, BUET2022-06-201Central Library, BUET66042 620.1/BEE/1984 Circulation section2022-06-12  2014-11-24
4620_100000000000000_BEE_1984 General Book2014-11-29Central Library, BUET2023-06-071Central Library, BUET66086 620.1/BEE/1984 Circulation section2023-01-10  2014-11-29
1620_100000000000000_BEE_1984 General Book2014-12-11Central Library, BUET2025-05-2849Central Library, BUET66044 620.1 /BEE/1984 Circulation section2025-04-30  2014-12-11
 620_100000000000000_BEE_1984 General Book2014-12-11Central Library, BUET2015-02-231Central Library, BUET66012 620.1/BEE/1984 Circulation section   2014-12-11
 620_100000000000000_BEE_1984 General Book2015-01-19Central Library, BUET2015-12-226Central Library, BUET66043 620.1/BEE/1984 Circulation section   2015-01-19
1620_100000000000000_BEE_1984 General Book2015-02-16Central Library, BUET2022-12-137Central Library, BUET81336 620.1/BEE/1984 Circulation section2022-11-21  2015-02-16
1620_100000000000000_BEE_1984 General Book2015-04-01Central Library, BUET2018-04-301Central Library, BUET66048 620.1/BEE/1984 Circulation section2018-04-18  2015-04-01
 620_100000000000000_BEE_1984 Reading Item2015-06-21Central Library, BUET2015-06-219Central Library, BUET66015 620.1/BEE/1984 Reading section   2015-06-21
 620_100000000000000_BEE_1984 General Book2015-06-22Central Library, BUET2015-06-2210Central Library, BUET66014 620.1/BEE/1984 Reading section   2015-06-22
 620_100000000000000_BEE_1984 General Book2015-06-22Central Library, BUET2015-06-2211Central Library, BUET66013 620.1/BEE/1984 Reading section   2015-06-22
 620_010000000000000_BEE_1984 Reading Item2015-06-29Central Library, BUET2015-06-2912Central Library, BUET66095 620.01/BEE/1984 Reading section   2015-06-29
 620_100000000000000_BEE_1984 General Book2015-07-28Central Library, BUET2015-07-2813Central Library, BUET75502 620.1/BEE/1984 Circulation section   2015-07-28